000 003440000a22001450004500
003 MACL
040 _aMACL
090 _c31756
_d31754
100 _aBucki, Lisa
245 _aGuide to Wordperfect Presentations 3 for Windows
260 _bPrentice Hall of India
350 _a195
650 _aComputer probraming
942 _cBOOK
_k005.368/buk
999 _c31436
_d31436